Návrh opatrení pre zlepšenie marketingových činností prostredníctvom využitia nových trendov v marketingu v podniku BELVE, s.r.o.

Guardado en:
Detalles Bibliográficos
Autor principal: Liptáková, Lucia (Autor)
Otros Autores: Fabian, Filip (Orientador)
Formato: Manuscrito Libro
Lenguaje:eslovaco
Publicado: 2021
Materias:
Acceso en línea:http://is.stuba.sk/zp/portal_zp.pl?podrobnosti=148642
Etiquetas: Agregar Etiqueta
Sin Etiquetas, Sea el primero en etiquetar este registro!

MARC

LEADER 00000ntm a22000003a 4500
001 stuzp85775
003 SK-STU
005 20210703212838.7
007 ta
008 150427s2015----xo-----f-mn---000-0-slo-d
040 |a STU  |b slo 
041 0 |a slo 
100 1 |a Liptáková, Lucia  |u 064000  |4 aut  |U MTF Materiálovotechnologická fakulta  |T MTF Ústav priemyselného inžinierstva a manažmentu  |X 97133  |U M4000  |Y 84  |7 97133 
242 0 1 |a Proposal of measures for the improvement of marketing activities through the use of new trends in marketing in the company BELVE, s.r.o.  |y eng 
245 1 0 |a Návrh opatrení pre zlepšenie marketingových činností prostredníctvom využitia nových trendov v marketingu v podniku BELVE, s.r.o. 
260 |c 2021 
650 4 |a marketing  |2 slo 
650 4 |a reklama  |2 slo 
650 4 |a marketingová komunikácia  |2 slo 
650 4 |a produkt  |2 slo 
650 4 |a značka  |2 slo 
650 4 |a marketing  |2 eng 
650 4 |a advertising  |2 eng 
650 4 |a marketing communication  |2 eng 
650 4 |a product  |2 eng 
650 4 |a brand  |2 eng 
700 1 |a Fabian, Filip  |u 064000  |k Z3  |4 ths  |U MTF Materiálovotechnologická fakulta  |T MTF Ústav priemyselného inžinierstva a manažmentu  |X 73536  |U M4000  |Y 84  |7 73536 
856 4 |u http://is.stuba.sk/zp/portal_zp.pl?podrobnosti=148642